La esposa administradora en la Compilación del Derecho Civil de Aragón / (Record no. 114100)

MARC details
000 -LEADER
campo de control de longitud fija 00604nam a2200169 4500
001 - NÚMERO DE CONTROL
campo de control 114100
003 - IDENTIFICADOR DE NÚMERO DE CONTROL
campo de control ES-MaACL
005 - FECHA Y HORA DE LA ÚLTIMA TRANSACCIÓN
campo de control 20230906190058.0
007 - CAMPO FIJO DE DESCRIPCIÓN FÍSICA--INFORMACIÓN GENERAL
campo de control de longitud fija t|
008 - DATOS DE LONGITUD FIJA--INFORMACIÓN GENERAL
campo de control de longitud fija 061121s1968 sp r ||||1| spa d
100 1# - ENTRADA PRINCIPAL--NOMBRE DE PERSONA
Nombre de persona Palá Mediano, Francisco.
9 (RLIN) 88359
245 13 - MENCIÓN DEL TÍTULO
Título La esposa administradora en la Compilación del Derecho Civil de Aragón /
Mención de responsabilidad, etc. por Francisco Palá Mediano.
260 ## - PUBLICACIÓN, DISTRIBUCIÓN, ETC.
Lugar de publicación, distribución, etc. Madrid :
Nombre del editor, distribuidor, etc. [s.n.],
Fecha de publicación, distribución, etc. 1968 (
Fabricante Imp. Bolaños y Aguilar)
300 ## - DESCRIPCIÓN FÍSICA
Extensión 57 p. ;
Dimensiones 23 cm.
500 ## - NOTA GENERAL
Nota general Es tirada aparte de ` Revista Crítica de Derecho Inmobiliario` . Nº 465.
852 ## - LOCALIZACIÓN
Ubicación ES-MaACL
Número de control de estantería 2070-F-2
Sublocalización o colección R.70474
Holdings
Estatus retirado Estado de pérdida Estado de daño No para préstamo Colección Biblioteca de origen Biblioteca actual Ubicación en estantería Fecha de adquisición Fuente de adquisición Total de préstamos Signatura topográfica completa Código de barras Visto por última vez Precio de reemplazo Tipo de ítem Koha
        Colección de folletos Biblioteca del Ateneo de Madrid Biblioteca del Ateneo de Madrid Depósito folletos 17/01/2008     2070-F-2 1118993 23/02/2023 23/02/2023 Folleto